<?xml version="1.0" encoding="UTF-8"?>
<record
    xmlns:xsi="http://www.w3.org/2001/XMLSchema-instance"
    xsi:schemaLocation="http://www.loc.gov/MARC21/slim http://www.loc.gov/standards/marcxml/schema/MARC21slim.xsd"
    xmlns="http://www.loc.gov/MARC21/slim">

  <leader>01216nam a2200313 i 4500</leader>
  <controlfield tag="003">EG-GICUC</controlfield>
  <controlfield tag="005">20260420115903.0</controlfield>
  <controlfield tag="008">260420s1968    ||| |||fr|||| 00| 0 Ara d</controlfield>
  <datafield tag="040" ind1=" " ind2=" ">
    <subfield code="a"> EG-GICUC</subfield>
    <subfield code="b">ara</subfield>
    <subfield code="c"> EG-GICUC</subfield>
    <subfield code="d"> EG-GICUC</subfield>
    <subfield code="e">rda</subfield>
  </datafield>
  <datafield tag="041" ind1="0" ind2=" ">
    <subfield code="a">Ara </subfield>
  </datafield>
  <datafield tag="082" ind1="0" ind2="4">
    <subfield code="2">21</subfield>
    <subfield code="a">343.1</subfield>
    <subfield code="b">&#x642; &#x627;</subfield>
  </datafield>
  <datafield tag="092" ind1="0" ind2="4">
    <subfield code="2">21</subfield>
  </datafield>
  <datafield tag="099" ind1=" " ind2=" ">
    <subfield code="a">Law1 10 343.1 &#x642; &#x627; 1968</subfield>
  </datafield>
  <datafield tag="245" ind1="0" ind2="0">
    <subfield code="a"> &#x627;&#x644;&#x639;&#x642;&#x648;&#x628;&#x627;&#x62A; &#x627;&#x644;&#x635;&#x627;&#x62F;&#x631; &#x628;&#x627;&#x644;&#x642;&#x627;&#x646;&#x648;&#x646; &#x631;&#x642;&#x645; 58 &#x644;&#x633;&#x646;&#x629; 1937 &#x645;&#x639; &#x627;&#x644;&#x62A;&#x639;&#x62F;&#x64A;&#x644;&#x627;&#x62A; &#x627;&#x644;&#x62A;&#x64A; &#x623;&#x62F;&#x62E;&#x644;&#x62A; &#x639;&#x644;&#x64A;&#x647; &#x62D;&#x62A;&#x649; &#x623;&#x628;&#x631;&#x64A;&#x644; &#x633;&#x646;&#x629; 1968 /</subfield>
    <subfield code="c">&#x625;&#x639;&#x62F;&#x627;&#x62F; &#x645;&#x62D;&#x645;&#x62F; &#x641;&#x647;&#x64A;&#x645; &#x623;&#x645;&#x64A;&#x646;.</subfield>
  </datafield>
  <datafield tag="264" ind1=" " ind2="1">
    <subfield code="a">[&#x645;&#x643;&#x627;&#x646; &#x627;&#x644;&#x646;&#x634;&#x631; &#x63A;&#x64A;&#x631; &#x645;&#x62D;&#x62F;&#x62F;] :</subfield>
    <subfield code="b">[&#x627;&#x644;&#x646;&#x627;&#x634;&#x631; &#x63A;&#x64A;&#x631; &#x645;&#x62D;&#x62F;&#x62F;]&#x60C;</subfield>
    <subfield code="c">1968.</subfield>
  </datafield>
  <datafield tag="300" ind1=" " ind2=" ">
    <subfield code="a">206 &#x61B;&#x635;&#x641;&#x62D;&#x629;</subfield>
    <subfield code="c">24 &#x633;&#x645;.</subfield>
  </datafield>
  <datafield tag="336" ind1=" " ind2=" ">
    <subfield code="2">rda content</subfield>
    <subfield code="a">text</subfield>
  </datafield>
  <datafield tag="337" ind1=" " ind2=" ">
    <subfield code="2">rda media</subfield>
    <subfield code="a">Computer</subfield>
  </datafield>
  <datafield tag="338" ind1=" " ind2=" ">
    <subfield code="2">rda carrier</subfield>
    <subfield code="a">Online Resource</subfield>
  </datafield>
  <datafield tag="505" ind1=" " ind2=" ">
    <subfield code="a">&#x645;&#x644;&#x62D;&#x642; &#x627;&#x644;&#x645;&#x62D;&#x627;&#x645;&#x627;&#x629; </subfield>
  </datafield>
  <datafield tag="546" ind1=" " ind2=" ">
    <subfield code="a">&#x627;&#x644;&#x646;&#x635; &#x628;&#x627;&#x644;&#x644;&#x63A;&#x629; &#x627;&#x644;&#x639;&#x631;&#x628;&#x64A;&#x629;</subfield>
  </datafield>
  <datafield tag="650" ind1="1" ind2=" ">
    <subfield code="a">&#x642;&#x627;&#x646;&#x648;&#x646; &#x627;&#x644;&#x639;&#x642;&#x648;&#x628;&#x627;&#x62A; - &#x627;&#x644;&#x642;&#x633;&#x645; &#x627;&#x644;&#x639;&#x627;&#x645; </subfield>
    <subfield code="2">qrmak</subfield>
  </datafield>
  <datafield tag="650" ind1="1" ind2=" ">
    <subfield code="a">&#x627;&#x644;&#x642;&#x627;&#x646;&#x648;&#x646; &#x627;&#x644;&#x62C;&#x646;&#x627;&#x626;&#x649; </subfield>
    <subfield code="2">qrmak</subfield>
  </datafield>
  <datafield tag="651" ind1="1" ind2=" ">
    <subfield code="2">qrmak</subfield>
  </datafield>
  <datafield tag="700" ind1=" " ind2=" ">
    <subfield code="a">&#x645;&#x62D;&#x645;&#x62F; &#x641;&#x647;&#x64A;&#x645; &#x623;&#x645;&#x64A;&#x646; </subfield>
    <subfield code="e">&#x645;&#x639;&#x62F;.</subfield>
  </datafield>
  <datafield tag="856" ind1="4" ind2="0">
    <subfield code="u">https://fll.law.cu.edu.eg/fulltext/bks/B10-09869.pdf</subfield>
  </datafield>
  <datafield tag="905" ind1=" " ind2=" ">
    <subfield code="a">54</subfield>
  </datafield>
  <datafield tag="942" ind1=" " ind2=" ">
    <subfield code="2">ddc</subfield>
    <subfield code="c">BK</subfield>
    <subfield code="e">21</subfield>
    <subfield code="n">0</subfield>
  </datafield>
  <datafield tag="999" ind1=" " ind2=" ">
    <subfield code="c">72094</subfield>
    <subfield code="d">72094</subfield>
  </datafield>
  <datafield tag="952" ind1=" " ind2=" ">
    <subfield code="0">0</subfield>
    <subfield code="1">0</subfield>
    <subfield code="2">ddc</subfield>
    <subfield code="4">0</subfield>
    <subfield code="7">1</subfield>
    <subfield code="8">&#x627;&#x644;&#x642;&#x627;&#x646;&#x648;&#x646; &#x627;&#x644;&#x62F;&#x633;&#x62A;&#x648;&#x631;&#x64A;</subfield>
    <subfield code="a">CU</subfield>
    <subfield code="b">LAW1</subfield>
    <subfield code="d">2026-04-20</subfield>
    <subfield code="l">0</subfield>
    <subfield code="o">Law1 10 343.1 &#x642; &#x627; 1968 1009869 C1</subfield>
    <subfield code="p">B10-09869</subfield>
    <subfield code="r">2026-04-20 11:59:35</subfield>
    <subfield code="t">1</subfield>
    <subfield code="w">2026-04-20</subfield>
    <subfield code="y">BK</subfield>
  </datafield>
</record>
